| 000 | 00843nam a2200277 i 4500 | ||
|---|---|---|---|
| 001 | 41805 | ||
| 003 | Mx-PuUPA | ||
| 005 | 20250815125125.0 | ||
| 008 | 250815s2016 mx gr 001 0 spa d | ||
| 020 | _a9786077472377 | ||
| 040 |
_aMx-PuUPA _bspa _cMx-PuUPA _dMx-PuUPA _erda |
||
| 041 | 0 | _aspa | |
| 100 | 1 |
_aBeuchot, Mauricio, _d1950- _914180 _eautor |
|
| 245 | 1 | 0 |
_aDialéctica de la analogía / _cMauricio Beuchot |
| 250 |
_aPrimera edición / _bagosto |
||
| 264 | 1 |
_aCiudad de México : _bPaidós, _c2016 |
|
| 300 |
_a134 páginas ; _c23 cm |
||
| 336 |
_2rdacontent _atexto _btxt |
||
| 337 |
_2rdamedia _asin medio _bn |
||
| 338 |
_2rdacarrier _avolumen _bnc |
||
| 650 | 7 |
_2armarc _aAnalogía (Filosofía) |
|
| 650 | 7 |
_2armarc _aDialéctica |
|
| 942 |
_2ddc _cLI _h169 _iB58 |
||
| 999 |
_c73120 _d73120 |
||